000 01002cam a22003137a 4500
003 CHAP
005 20260217090653.0
008 971013s1975 r 00010 d
010 _a71639
011 _a72611
035 _a82167
040 _cCHAP
082 _a641.1
_bC35
100 1 0 _aCampos Arredondo, José Rafael
_918078
245 1 4 _aLos recursos alimenticios en México
260 _a(s.l.) :
_bInstituto Mexicano de Seguro Social,
_c(1975)
300 _a56 h.
590 _aBATCH-UPD
_b10
_c20130110
_lUCH01
_h0547
590 _aBATCH-UPD
_b10
_c20130410
_lUCH01
_h0228
590 _aBATCH-UPD
_b10
_c20130914
_lUCH01
_h0150
590 _aCONVERSION
_b10
_c20130109
_lUCH01
_h1339
650 1 4 _aAlimentos.
_94114
650 1 4 _aAlimentos
_xAnálisis.
_94164
650 1 4 _aNutrición.
_982246
711 0 _aJornadas Nacionales de Dietología
_n(3 :
_d1975 :
_cMéxico, D.F.)
_962182
901 _aBK
942 _cLIBRO
949 _a641.1 C35
_bBC
_cLIBRO
_d33724000139051
_eLIBRO
_h38183
_i82167
_mD
_si
999 _c71639
_d71639